<?xml version="1.0" encoding="UTF-8"?>
<marc:record xmlns:marc="http://www.loc.gov/MARC21/slim">
   <marc:leader>00000nam a2200000 a 4500</marc:leader>
   <marc:datafield ind1="1" ind2=" " tag="100">
      <marc:subfield code="a">Lahner, Elsy</marc:subfield>
      <marc:subfield code="4">ctb</marc:subfield>
      <marc:subfield code="e">Mitwirkende/-r</marc:subfield>
   </marc:datafield>
   <marc:datafield ind1="1" ind2=" " tag="100">
      <marc:subfield code="a">Schröder, Klaus Albrecht</marc:subfield>
      <marc:subfield code="4">edt</marc:subfield>
      <marc:subfield code="e">Bearbeiter/-in</marc:subfield>
   </marc:datafield>
   <marc:datafield ind1="1" ind2=" " tag="100">
      <marc:subfield code="a">Helnwein, Gottfried</marc:subfield>
      <marc:subfield code="4">ill</marc:subfield>
      <marc:subfield code="e">Illustrator/-in</marc:subfield>
   </marc:datafield>
   <marc:datafield ind1="1" ind2=" " tag="100">
      <marc:subfield code="a">Fox, Howard N.</marc:subfield>
      <marc:subfield code="4">ctb</marc:subfield>
      <marc:subfield code="e">Mitwirkende/-r</marc:subfield>
   </marc:datafield>
   <marc:datafield ind1="1" ind2=" " tag="100">
      <marc:subfield code="a">Mattl, Siegfried</marc:subfield>
      <marc:subfield code="4">ctb</marc:subfield>
      <marc:subfield code="e">Mitwirkende/-r</marc:subfield>
   </marc:datafield>
   <marc:datafield ind1=" " ind2=" " tag="653">
      <marc:subfield code="a">Softcover / Sachbücher/Kunst</marc:subfield>
   </marc:datafield>
   <marc:datafield ind1=" " ind2=" " tag="653">
      <marc:subfield code="a">Literatur/Bildende Kunst</marc:subfield>
   </marc:datafield>
   <marc:datafield ind1=" " ind2=" " tag="653">
      <marc:subfield code="a">Konferenzschrift</marc:subfield>
   </marc:datafield>
   <marc:datafield ind1="0" ind2="0" tag="245">
      <marc:subfield code="a">Gottfried Helnwein</marc:subfield>
   </marc:datafield>
   <marc:datafield ind1="0" ind2="0" tag="245">
      <marc:subfield code="b">anlässlich der Ausstellung Gottfried Helnwein, Albertina, Wien, 25. Mai - 13. Oktober 2013, 499. Ausstellung der Albertina</marc:subfield>
   </marc:datafield>
   <marc:datafield ind1="0" ind2="0" tag="245">
      <marc:subfield code="c">Albertina. Hrsg. von Klaus Albrecht Schröder und Elsy Lahner. Texte von Elsy Lahner ... Interview mit dem Künstler von Howard N. Fox. [Übers. Steven Lindberg ; Nikolaus G. Schneider</marc:subfield>
   </marc:datafield>
   <marc:datafield ind1=" " ind2="1" tag="264">
      <marc:subfield code="a">Ostfildern, Deutschland</marc:subfield>
      <marc:subfield code="b">Hatje Cantz</marc:subfield>
      <marc:subfield code="c">2013</marc:subfield>
   </marc:datafield>
   <marc:datafield ind1="1" ind2=" " tag="520">
      <marc:subfield code="a">Angaben aus der Verlagsmeldung

Gottfried Helnwein Helnwein Gottfreid e:Helnwein Gottfreid

Peter Land (*1966 in Aarhus) kreist in seinem Werk um das Sujet des Menschen in seinem Scheitern an alltäglichen wie existenziellen Aufgaben des Lebens. Der Künstler thematisiert in verschiedensten Medien die prekäre menschliche Verfassung. So versagt der Entertainer in einem Video vor seinem Publikum und stürzt volltrunken vom Hocker. In einer anderen Arbeit fällt ein Maler beim Streichen immer wieder von der Leiter oder aus der Spitze einer großen Rauminstallation mit Steinen ragt ein vergeblich um Hilfe winkender Arm. Dem Betrachter dieser komischen Szenen bleibt das Lachen im Hals stecken. Dabei bedient sich Land einer künstlerischen Handschrift, die seine Figuren niemals entblößt. Der Katalog präsentiert das Gesamtwerk des Künstlers in Bildern und Texten, etwa zu Aspekten des Theatralen oder dem Bild des Mannes im Schaffen von Peter Land sowie zu seiner Auseinandersetzung mit Fragen der Erziehung und der Bedeutung von Kindheit.

Ausstellungen: Kunstpalais, Erlangen 18.1.–24.3.2013 | Städtische Galerie Remscheid 29.6.–15.9.2013
</marc:subfield>
   </marc:datafield>
   <marc:datafield ind1=" " ind2=" " tag="020">
      <marc:subfield code="a">9783775735841</marc:subfield>
      <marc:subfield code="9">9783775735841</marc:subfield>
   </marc:datafield>
   <marc:datafield ind1=" " ind2=" " tag="020">
      <marc:subfield code="a">3775735844</marc:subfield>
      <marc:subfield code="9">3775735844</marc:subfield>
   </marc:datafield>
   <marc:datafield ind1=" " ind2=" " tag="041">
      <marc:subfield code="a">ger</marc:subfield>
   </marc:datafield>
   <marc:datafield ind1=" " ind2=" " tag="300">
      <marc:subfield code="a">239 S.</marc:subfield>
   </marc:datafield>
</marc:record>
